000 00727nam a22002297a 4500
003 UA-OsUOA
001 58320
007 ta
008 20090204b un ||||| |||| 00| 0 ukr d
100 _aВойнаренко М.
700 _aЯременко
090 _a330(477)
_bВ65
942 _cSA
040 _aUA-OsUOA
_bukr
_cUA-OsUOA
_dUA-OsUOA
245 _aУправління економічною безпекою ідприємств на основі оцінки відхилень порогових показників
300 _aС.60-64
955 _a0
041 _aukr
080 _a330(477)
773 0 _w58314
_tЕкономіст
_dК.
_d2008
_g12
650 7 _a330 Економіка взагалі
_2UDC
999 _c344402
_d344402